| Поле | Инд. | ПП | Название | Значение |
|---|---|---|---|---|
| Тип записи | a | |||
| Библиографический уровень | m | |||
| 001 | Контрольный номер | RU/IS/BASE/222277579 | ||
| 005 | Дата корректировки | 20160728101305.7 | ||
| 008 | Кодируемые данные | 070118|||||||||ru |||||||||||000|||rus|| | ||
| 020 | a | ISBN | 5-86185-268-5 | |
| c | Цена, тираж | 143-75 | ||
| 040 | b | Код языка каталог. | rus | |
| e | Правила каталог. | PSBO | ||
| 041 | 0_ | a | Код языка текста | rus |
| 084 | a | Индекс другой классификации/Индекс ББК | 26.3 | |
| 090 | a | Полочн. индекс | 26.3 | |
| x | Авторский знак | К 59 | ||
| 100 | 1_ | a | Автор | Козлов Н. Е. |
| 245 | 10 | a | Заглавие | Введение в геохимию |
| b | Продолж. заглавия | учеб. пособие | ||
| c | Ответственность | М-во сел. хоз-ва РФ ; Федер. агентство по рыболовству ; Мурман. гос. техн. ун-т | ||
| 260 | a | Место издания | Мурманск | |
| b | Издательство | Изд-во МГТУ | ||
| c | Дата издания | 2006 | ||
| 300 | a | Объем | 138 с. | |
| 504 | a | Библиография | Библиогр.: с. 138 | |
| 650 | 04 | a | Основная рубрика | Геохимия-Учебные издания для высших учебных заведений |
| 653 | 0_ | a | Ключевые слова | Геохимическая классификация элементов |
| a | Ключевые слова | Геохимия | ||
| a | Ключевые слова | Горные породы | ||
| a | Ключевые слова | Процессы геологические | ||
| 700 | 12 | a | Другие авторы | Предовский А. А. |
| 710 | 12 | a | Организация/ юрисдикция | Мурманский государственный технический университет |
| 901 | t | Тип документа | m | |
| 952 | b | Гриф литературы для ВШ | Допущено Ученым советом МГТУ | |
| c | Вид литературы | учебное пособие |